| 000 | 00536nam a2200229 a 4500 | ||
|---|---|---|---|
| 003 | AR-BaBNM | ||
| 005 | 20251128210657.0 | ||
| 008 | 082120s2002 ||||||||||||||000 | spa|| | ||
| 020 | _a950-511-661-6 | ||
| 040 | _cAR-BaBNM | ||
| 100 | 1 | _aSteimberg, Alicia | |
| 245 | 0 | 0 | _aLa selva |
| 250 | _a1ยช ed. | ||
| 260 |
_aBuenos Aires _bAlfaguara _c2000 |
||
| 300 | _a228 p. | ||
| 650 | 4 | _aLITERATURA ARGENTINA | |
| 650 | 4 | _aLITERATURA CONTEMPORANEA | |
| 650 | 4 | _aNOVELAS | |
| 655 | _aLITERATURA | ||
| 942 | _cBK | ||
| 998 | _cMARTIN | ||
| 999 |
_c16398 _d16398 |
||